Les vainqueurs du ballon d'or - Statistiques

Statistiques générales
  • Ce quiz a été pris 64 fois
  • Le résultat moyen est 24 sur 67
Statistiques - réponses
Question Réponse % Correct
Ballon d'or 2022 Karim Benzema
100%
Ballon d'or 2021 Lionel Messi
100%
Ballon d'or 2016 Cristiano Ronaldo
90%
Ballon d'or 2023 Lionel Messi
90%
Ballon d'or 2019 Lionel Messi
90%
Ballon d'or 2010 Lionel Messi
90%
Ballon d'or 2018 Luka Modrić
90%
Ballon d'or 2017 Cristiano Ronaldo
80%
Ballon d'or 2008 Cristiano Ronaldo
80%
Ballon d'or 2007 Kaká
80%
Ballon d'or 2012 Lionel Messi
80%
Ballon d'or 2005 Ronaldinho
80%
Ballon d'or 2004 Andriy Chevtchenko
70%
Ballon d'or 2013 Cristiano Ronaldo
70%
Ballon d'or 2015 Lionel Messi
70%
Ballon d'or 2006 Fabio Cannavaro
60%
Ballon d'or 2011 Lionel Messi
60%
Ballon d'or 2009 Lionel Messi
60%
Ballon d'or 2002 Ronaldo
60%
Ballon d'or 1998 Zinédine Zidane
60%
Ballon d'or 1995 George Weah
40%
Ballon d'or 2000 Luís Figo
40%
Ballon d'or 1996 Matthias Sammer
40%
Ballon d'or 2001 Michael Owen
40%
Ballon d'or 2003 Pavel Nedvěd
40%
Ballon d'or 1999 Rivaldo
40%
Ballon d'or 1997 Ronaldo
40%
Ballon d'or 2014 Cristiano Ronaldo
30%
Ballon d'or 1994 Hristo Stoichkov
30%
Ballon d'or 1991 Jean-Pierre Papin
30%
Ballon d'or 1992 Marco Van Basten
30%
Ballon d'or 1993 Roberto Baggio
30%
Ballon d'or 1959 Alfredo Di Stefano
20%
Ballon d'or 1957 Alfredo Di Stefano
20%
Ballon d'or 1990 Lothar Matthaus
20%
Ballon d'or 1989 Marco Van Basten
20%
Ballon d'or 1988 Marco Van Basten
20%
Ballon d'or 1985 Michel Platini
20%
Ballon d'or 1984 Michel Platini
20%
Ballon d'or 1983 Michel Platini
20%
Ballon d'or 1977 Allan Simonsen
10%
Ballon d'or 1966 Bobby Charlton
10%
Ballon d'or 1964 Denis Law
10%
Ballon d'or 1965 Eusebio
10%
Ballon d'or 1967 Florian Albert
10%
Ballon d'or 1976 Franz Beckenbauer
10%
Ballon d'or 1968 George Best
10%
Ballon d'or 1970 Gerd Muller
10%
Ballon d'or 1969 Gianni Rivera
10%
Ballon d'or 1986 Igor Belanov
10%
Ballon d'or 1974 Johan Cruijff
10%
Ballon d'or 1971 Johan Cruyff
10%
Ballon d'or 1962 Josef Masopust
10%
Ballon d'or 1981 Karl-Heinz Rummenigge
10%
Ballon d'or 1980 Karl-Heinz Rummenigge
10%
Ballon d'or 1979 Kevin Keegan
10%
Ballon d'or 1978 Kevin Keegan
10%
Ballon d'or 1963 Lev Yachine
10%
Ballon d'or 1960 Luis Suarez
10%
Ballon d'or 1975 Oleg Blokhine
10%
Ballon d'or 1961 Omar Sivori
10%
Ballon d'or 1982 Paolo Rossi
10%
Ballon d'or 1958 Raymond Kopa
10%
Ballon d'or 1987 Ruud Gullit
10%
Ballon d'or 1956 Stanley Matthews
10%
Ballon d'or 1972 Franz Beckenbauer
0%
Ballon d'or 1973 Johan Cruijff
0%
Aucun quiz correspondant
Distribution des résultats
% des personnes avec chaque résultat
Percentile par nombre de réponses
Votre historique - résultats
Vous n’avez pas pris ce quiz